Statistics for Sacramento Kings 2016-17 Roster

Click here to take the quiz!

General Stats

  • This quiz has been taken 81 times
    (62 since last reset)
  • The average score is 5 of 16

Answer Stats

NbrPostPlayer% Correct
24GuardBuddy Hield
89%
00CenterWillie Cauley-Stein
75%
8ForwardRudy Gay
47%
41CenterKosta Koufos
43%
7GuardDarren Collison
40%
32Guard-ForwardTyreke Evans
38%
23GuardBen McLemore
32%
10GuardTy Lawson
26%
40GuardArron Afflalo
21%
13CenterGeorgios Papagiannis
21%
3Forward-CenterSkal Labissiere
21%
-Head CoachDave Joerger
19%
17GuardGarrett Temple
19%
43ForwardAnthony Tolliver
17%
9GuardLangston Galloway
17%
5GuardMalachi Richardson
17%

Score Distribution

Percentile by Number Answered

Percent of People with Each Score

Your Score History

You have not taken this quiz since the last reset